عرض عادي
عرض مارك
- Heim, Steven G.,
مدخل إسم شخص
001 - رقم الضبط
- حقل الضبط: 39405
003 - معرف رقم الضبط
- حقل الضبط: OSt
005 - تاريخ ووقت أخر عملية
- حقل الضبط: 20131111164749.0
008 - عناصر بيانات ثابتة الطول
- حقل تحكم ثابت الطول: 131111|||a|||||| | ||| d
040 ## - مصدر الفهرسة
- هيئة الفهرسة الأصلية: OSt
- وكالة الكتابة: OSt
100 ## - مدخل -- أسم شخص
- إسم شخص: Heim, Steven G.,
- تواريخ مرتبطة بالاسم: 1951-
670 ## - بيانات المصدر موجوده
- الاستشهاد بالمصدر: Work cat.: (OSt)0: Heim, Steven G., 1951-, The resonant interface :, c2008.
